Slovenský bankový sektor nová tvár a nové výzvy (z dokumentu White Book Slovakia 2001)

Charakteristika slovenského bankového sektora. Veľkosť a prienik na európsky trh. Štruktúra a koncentrácia trhu po reštrukturalizácii a privatizácii veľkých bánk. Zmena úverovej politiky bánk. Segmentácia klientov. Kvalita aktív. Rozvoj moderných bankových operácií. Pokračovanie v č. 5/2002.

Uložené v:
Podrobná bibliografia
Hlavný autor: Pilková, Anna
Ďalší autori: Pätoprstý, Viliam
Médium: Kapitola
Jazyk:Slovak
Predmet:
Tagy: Pridať tag
Žiadne tagy, Buďte prvý, kto otaguje tento záznam!

MARC

LEADER 00000naa a2200000 4500
001 r045237
005 20221220115425.8
041 0 |a slo 
044 |a SK 
245 1 0 |a Slovenský bankový sektor  |b nová tvár a nové výzvy (z dokumentu White Book Slovakia 2001)  |c Anna Pilková, Viliam Pätoprstý 
520 |a Charakteristika slovenského bankového sektora. Veľkosť a prienik na európsky trh. Štruktúra a koncentrácia trhu po reštrukturalizácii a privatizácii veľkých bánk. Zmena úverovej politiky bánk. Segmentácia klientov. Kvalita aktív. Rozvoj moderných bankových operácií. Pokračovanie v č. 5/2002. 
610 2 0 |a bankovníctvo 
610 2 0 |a Slovensko 
610 2 0 |a Európska únia 
610 2 0 |a trh kapitálový 
610 2 0 |a banky 
610 2 0 |a reštrukturalizácia 
610 2 0 |a segmentácia trhu 
610 2 0 |a klienti 
610 2 0 |a úver bankový 
610 2 0 |a 1996-2001 
100 1 |a Pilková, Anna 
700 1 |a Pätoprstý, Viliam